100 giờ học ứng dụng máy vi tính trong kinh doanh = Microcomputer business applications /

Gardado en:
Detalles Bibliográficos
Autor Principal: Tôn Thất Hiền
Formato: Sách giấy
Idioma:Vietnamese
English
Publicado: Đồng Tháp : Đồng Tháp , 1995
Các nhãn: Engadir etiqueta
Sen Etiquetas, Sexa o primeiro en etiquetar este rexistro!
Thư viện lưu trữ: Thư viện Trường Đại học Đà Lạt
LEADER 00660nam a2200253 4500
001 DLU020013471
005 ##6/15/2000
020 # # |a 978- 
041 # # |a vie  |a eng 
082 # # |a 005  |b TO-H 
090 # # |a 005  |b TO-H 
100 # # |a Tôn Thất Hiền 
245 # # |a 100 giờ học ứng dụng máy vi tính trong kinh doanh =  |b Microcomputer business applications /  |c Tôn Thất Hiền 
260 # # |a Đồng Tháp :  |b Đồng Tháp ,  |c 1995 
300 # # |a 436 tr.;   |c 24 cm. 
992 # # |a 49000 
994 # # |a DLU 
900 # # |a False 
911 # # |a Administrator 
925 # # |a G 
926 # # |a A 
927 # # |a SH 
980 # # |a Thư viện Trường Đại học Đà Lạt